Animated Movie by Emoji 3 - Statistics

General Stats
  • This quiz has been taken 17 times
  • The average score is 5 of 15
Answer Stats
Hint Answer % Correct
πŸ‰πŸ‘˜ Mulan
86%
πŸ‘¦πŸ»πŸ€₯πŸ¦— Pinocchio
64%
πŸ₯₯πŸŒΊπŸŒ‹ Moana
50%
🧚🏻🏝️ Peter Pan
43%
πŸ€πŸ“πŸ§€ Ratatouille
43%
πŸ‘¨πŸ»πŸ¦πŸŒ³πŸŒ³ Tarzan
43%
πŸ‘ΆπŸΌπŸ€΅πŸ»β€β™‚οΈ Boss Baby
29%
🏠🎈 Oben
29%
πŸ°πŸ¦ŠπŸš”πŸ¦₯ Zoomania
29%
πŸ‘©πŸ»πŸ¦πŸŒ³πŸ‘΅πŸΌ Pocahontas
21%
πŸ‘ΈπŸ»πŸŽπŸ˜΄ Schneewittchen
21%
πŸπŸ•πŸ© Susi und Strolch
21%
πŸ‘ΈπŸΌπŸ³πŸ–ŒοΈ Rapunzel neu verfΓΆhnt
14%
🍯🧸 Winnie Puuh
14%
πŸŒŽπŸ‘» Soul
7%
No matching quizzes found
Score Distribution
Percent of People with Each Score
Percentile by Number Answered
Your Score History
You have not taken this quiz